| 000 | 00685cab a2200229 4500 | ||
|---|---|---|---|
| 001 | WB3327-31 | ||
| 008 | 090401t1997 xxu||||| |||| 00| 0 eng d | ||
| 035 | _a(Sirsi) u79551 | ||
| 041 | _aeng | ||
| 245 | _aOutsourcing boom leads to rights mess | ||
| 260 | _c1997 | ||
| 350 | _a0 | ||
| 490 |
_aTimes _v10 July 1997, 32(10 |
||
| 520 | _aDiscusses the uncertainty that has arisen for outsourcing following recent interpretation of the EC Acquired Rights Directive. | ||
| 650 | _aACQUIRED RIGHTS DIRECTIVE | ||
| 650 | _aOUTSOURCING | ||
| 650 | _aTUPE | ||
| 650 | _aWILSON V ST HELENS BC | ||
| 690 | _aOFFICE SERVICES AND ADMINISTRATION | ||
| 942 | _n0 | ||
| 948 | _c10/07/1997 | ||
| 999 |
_c50018 _d50018 |
||